[Event "POL-ch U12 Girls"]
[Site "Uniejow"]
[Date "2021.07.25"]
[Round "9"]
[White "Walerjan, Ada"]
[Black "Miklosz, Malgorzata"]
[Result "0-1"]
[WhiteElo "1098"]
[BlackElo "1155"]
[PlyCount "118"]
[EventDate "2021.07.18"]
[EventType "swiss"]
[EventRounds "9"]
[EventCountry "POL"]
[SourceTitle "EXT 2022"]
[Source "ChessBase"]
[SourceDate "2021.10.06"]
[SourceVersion "1"]
[SourceVersionDate "2021.10.06"]
[SourceQuality "1"]

1. e4 c5 2. Nf3 Nc6 3. d4 cxd4 4. Nxd4 Nf6 5. Nc3 e5 6. Ndb5 d6 7. f3 a6 8. Na3 b5 9. Nd5 Be7 10. Be3 Rb8 11. Nxe7 Qxe7 12. Be2 0-0 13. 0-0 Bb7 14. c4 b4 15. Nc2 a5 16. b3 Ba6 17. a3 Qc7 18. axb4 Nxb4 19. Nxb4 Rxb4 20. Bd2 Qb6+ 21. Kh1 Rxb3 22. Rxa5 Rb8 23. Qe1 Rb1 24. Bd1 Bxc4 25. Rg1 Qd4 26. Qe3 Qxe3 27. Bxe3 R1b5 28. Ra1 d5 29. Rc1 Rb2 30. exd5 Bxd5 31. Ba7 Ra8 32. Re1 h6 33. Bg1 e4 34. fxe4 Bxe4 35. Bf3 Bxf3 36. gxf3 Raa2 37. Rc8+ Kh7 38. Rc4 Re2 39. Rxe2 Rxe2 40. Rc3 Kg6 41. Re3 Rxe3 42. Bxe3 Nd5 43. Bd2 Kf5 44. Kg2 g5 45. Kg3 h5 46. h3 h4+ 47. Kf2 Nf4 48. Bxf4 Kxf4 49. Kg2 Ke3 50. Kg1 Kxf3 51. Kh2 f5 52. Kh1 Ke2 53. Kg2 f4 54. Kg1 f3 55. Kh2 f2 56. Kg2 f1Q+ 57. Kh2 g4 58. hxg4 Kf3 59. g5 Qg2# 0-1

[Event "POL-ch U12 Girls"]
[Site "Uniejow"]
[Date "2021.07.20"]
[Round "2"]
[White "Miklosz, Malgorzata"]
[Black "Marczyk, Kinga"]
[Result "1/2-1/2"]
[WhiteElo "1155"]
[BlackElo "1311"]
[PlyCount "137"]
[EventDate "2021.07.18"]
[EventType "swiss"]
[EventRounds "9"]
[EventCountry "POL"]
[SourceTitle "EXT 2022"]
[Source "ChessBase"]
[SourceDate "2021.10.06"]
[SourceVersion "1"]
[SourceVersionDate "2021.10.06"]
[SourceQuality "1"]

1. d4 d5 2. Nc3 c6 3. Bf4 Bf5 4. e3 e6 5. Bd3 Bxd3 6. Qxd3 Nf6 7. h3 Nbd7 8. 0-0-0 Bb4 9. Nge2 b5 10. e4 Bxc3 11. Nxc3 b4 12. Ne2 Nxe4 13. Rhf1 0-0 14. f3 Nef6 15. Bd6 Re8 16. Bxb4 Qb6 17. Bd6 c5 18. Be5 Nxe5 19. dxe5 Nd7 20. f4 Rab8 21. Qb3 Qa6 22. Qd3 Qxa2 23. Qa3 Qxa3 24. bxa3 Nb6 25. Rf3 Nc4 26. Rdd3 Rb6 27. Rb3 Reb8 28. a4 Na5 29. Rxb6 Rxb6 30. Rc3 Nc4 31. Rd3 Kf8 32. g4 Rb4 33. Rb3 Rb6 34. Rxb6 Nxb6 35. a5 Nc4 36. a6 Ke7 37. c3 Kd7 38. Kc2 Kc7 39. Nc1 Ne3+ 40. Kd3 Ng2 41. f5 Nf4+ 42. Ke3 Nxh3 43. Nb3 c4 44. Nc5 Ng5 45. Kf4 h6 46. Nb7 Ne4 47. fxe6 fxe6 48. Ke3 Nxc3 49. Nc5 Kc6 50. Nxe6 g5 51. Nd4+ Kd7 52. e6+ Kd6 53. e7 Kxe7 54. Nc6+ Kd6 55. Nxa7 Kc7 56. Kd4 Ne2+ 57. Kxd5 c3 58. Nb5+ Kb6 59. a7 Kb7 60. Na3 Kxa7 61. Kc4 Kb6 62. Kd3 Nf4+ 63. Kxc3 Kc5 64. Nc4 Nd5+ 65. Kd3 Nf6 66. Ne3 Kd6 67. Nf5+ Ke5 68. Nxh6 Kf4 69. Nf7 1/2-1/2

[Event "POL-ch U12 Girls"]
[Site "Uniejow"]
[Date "2021.07.20"]
[Round "3"]
[White "Oszutowska, Anna"]
[Black "Miklosz, Malgorzata"]
[Result "1/2-1/2"]
[WhiteElo "1219"]
[BlackElo "1155"]
[PlyCount "66"]
[EventDate "2021.07.18"]
[EventType "swiss"]
[EventRounds "9"]
[EventCountry "POL"]
[SourceTitle "EXT 2022"]
[Source "ChessBase"]
[SourceDate "2021.10.06"]
[SourceVersion "1"]
[SourceVersionDate "2021.10.06"]
[SourceQuality "1"]

1. e4 c5 2. Nf3 e6 3. c4 Nc6 4. Nc3 Nd4 5. d3 Be7 6. Be3 Nxf3+ 7. Qxf3 d6 8. d4 cxd4 9. Bxd4 e5 10. Be3 Nf6 11. h3 Be6 12. Bd3 0-0 13. Nd5 Nd7 14. Nxe7+ Qxe7 15. Qg3 Nc5 16. Bxc5 dxc5 17. Qxe5 Rad8 18. Be2 Rd4 19. Rd1 f6 20. Qf4 g5 21. Qe3 Rxd1+ 22. Kxd1 Rd8+ 23. Kc1 Rd4 24. Rd1 Qd6 25. Rxd4 cxd4 26. Qd2 Qc5 27. b4 Qe5 28. Bd3 Qc7 29. Qc2 Kf7 30. f3 Ke7 31. a3 a5 32. Kb2 b6 33. Qe2 h6 1/2-1/2